| 000 | 00000nam 2200000za 4500 |
| 001 | 9.837756 |
| 003 | CaOODSP |
| 005 | 20221107151221 |
| 007 | cr ||||||||||| |
| 008 | 170606s2017 onc o f000 0 eng d |
| 040 | |aCaOODSP|beng |
| 043 | |an-cn--- |
| 086 | 1 |aRv55-5/23-2-1-2017E-PDF |
| 245 | 00|aCustoms self-assessment program for carriers |h[electronic resource]. |
| 260 | |aOttawa : |bCanada Border Services Agency, |c2017. |
| 300 | |a59 p. |
| 490 | 1 |aCustoms D memoranda. D23, Trusted traders, |x2369-2391 ; |vD23-2-1, May 3, 2017 |
| 500 | |aIssued also in French under title: Programme d’autocotisation des douanes pour les transporteurs. |
| 500 | |aCaption title. |
| 500 | |a"Superseded Memorandum D: D3-1-7 dated December 10, 2010"--p. 59. |
| 520 | |a"This memorandum outlines and explains the policies and procedures relating to the reporting and transportation of goods into Canada by a carrier authorized under the Customs Self-Assessment (CSA) program. The memorandum also provides information on how to apply for a CSA authorization under the program, as well as information relating to the refusal, suspension or cancellation of a CSA authorization. Under the CSA program, an authorized carrier may report eligible goods to the Canada Border Services Agency (CBSA) using a CSA clearance process and, before release, deliver those goods in Canada directly to the place of business of an authorized importer, the owner of the goods, or a consignee of the importer. A glossary of terms used in this document is included at the beginning of this memorandum"--p. [1-2]. |
| 692 | 07|2gccst|aImports |
| 692 | 07|2gccst|aTransport |
| 692 | 07|2gccst|aCustoms and excise |
| 710 | 2 |aCanada Border Services Agency. |
| 775 | 08|tProgramme d’autocotisation des douanes pour les transporteurs |w(CaOODSP)9.837758 |
| 830 | #0|aCustoms D memoranda. D23, Trusted traders,|x2369-2391 ; |vD23-2-1, May 3, 2017|w(CaOODSP)9.816825 |
| 856 | 40|qPDF|s738 KB|uhttps://publications.gc.ca/collections/collection_2017/asfc-cbsa/Rv55-5-23-2-1-2017-eng.pdf |